=LDR 00000nam 2200000 4500 =001 INLIS000000000006608 =005 20130612094728 =008 ***********************************Ind** =035 ##$$0010-061300000006608 =041 ##$$a Ind =082 ##$$a 92(Soeharto) =090 ##$$a 92(Soeharto), Pat p =100 ##$$a Patty, Servas Mario =245 ##$$a Pak Harto pemimpin bangsa yang besar pasca bung Karno, Servas Mario Patty =260 ##$$a 1999 $b Jakarta =300 ##$$a viii, 219 hlm., 21 cm =650 ##$$a Suharto, 1921 =850 ##$$a NBPNMAT